[Event "C.to Provinciale CS"]
[Site "Amantea ITA"]
[Date "2007.01.06"]
[Round "3"]
[White "Galasso, Luciano"]
[Black "Magli, Francesco"]
[Result "0-1"]
[WhiteElo "1596"]
[BlackElo "1440"]
[PlyCount "90"]
[EventDate "2007.01.05"]

1. d4 Nf6 2. Nf3 e6 3. e3 d6 4. Nbd2 Be7 5. Bd3 Nc6 6. c3 e5 7. O-O Bg4 8. Re1
a6 9. Qc2 h6 10. h3 Bxf3 11. Nxf3 Qd7 12. c4 Nb4 13. Qb3 Nxd3 14. Qxd3 e4 15.
Qd1 exf3 16. Qxf3 O-O-O 17. Bd2 g5 18. Qe2 g4 19. h4 Rdg8 20. g3 Ne4 21. d5 Rg6
22. Ba5 Rhg8 23. Rac1 Rf6 24. Rf1 Rf3 25. Qd3 Nf6 26. Bd2 h5 27. b4 c5 28. Qa3
Ne4 29. Be1 Qd8 30. b5 Bxh4 31. bxa6 bxa6 32. Qxa6+ Kd7 33. Ba5 Qa8 34. Qb5+
Ke7 35. Rb1 Kf6 36. gxh4 Ke5 37. Qb2+ Kf5 38. Be1 Qd8 39. Kg2 Qxh4 40. Rh1 Rh3
41. Ba5 Ng3 42. Bc3 Nxh1 43. e4+ Kg6 44. Be5 dxe5 45. Qxe5 Qxf2# 0-1

[Event "C.to Provinciale CS"]
[Site "Amantea ITA"]
[Date "2007.01.06"]
[Round "3"]
[White "Grandinetti, Pietro"]
[Black "Bellisario, Carlo"]
[Result "1-0"]
[WhiteElo "1600"]
[BlackElo "1658"]
[PlyCount "97"]
[EventDate "2007.01.05"]

1. e4 c5 2. Nf3 d6 3. d4 cxd4 4. Nxd4 Nf6 5. Nc3 g6 6. f3 Nc6 7. Be3 Bg7 8. Qd2
Nxd4 9. Bxd4 O-O 10. g4 Be6 11. O-O-O Qa5 12. Kb1 Rac8 13. Nd5 Qd8 14. Nxf6+
Bxf6 15. Bxf6 exf6 16. Qxd6 Qa5 17. Qa3 Qxa3 18. bxa3 Rc3 19. Rd3 Rfc8 20. Rxc3
Rxc3 21. Bg2 Rxa3 22. Rd1 Rxa2 23. Rd6 Ra6 24. Rxa6 bxa6 25. Bf1 Bc8 26. Kb2
Kf8 27. Kb3 Ke7 28. Kb4 Kd6 29. Bc4 Ke5 30. Bxf7 Kf4 31. Bg8 Kxf3 32. Bxh7 g5
33. Bf5 Bb7 34. c4 Bxe4 35. Bd7 Kg2 36. c5 Kxh2 37. c6 Bxc6 38. Bxc6 Kg3 39.
Bd7 Kf4 40. Ka5 Ke5 41. Kxa6 Kd6 42. Bf5 Kc6 43. Kxa7 Kc7 44. Be4 Kd6 45. Kb6
Ke5 46. Bf5 Kd6 47. Bc8 Ke5 48. Kc5 Ke4 49. Kd6 1-0

[Event "C.to Provinciale CS"]
[Site "Amantea ITA"]
[Date "2007.01.06"]
[Round "3"]
[White "Mazzuca, Aldo"]
[Black "Felisio, Antonio"]
[Result "0-1"]
[WhiteElo "1440"]
[BlackElo "1455"]
[PlyCount "56"]
[EventDate "2007.01.05"]

1. e4 e5 2. Nc3 Nf6 3. Nf3 Nc6 4. b3 Bc5 5. Bb5 O-O 6. d3 Nd4 7. Nxe5 Nxb5 8.
Nxb5 c6 9. Nc3 Bd4 10. Bb2 Bxe5 11. Qf3 d6 12. h3 Qa5 13. d4 Bxd4 14. O-O-O Be5
15. a4 Be6 16. Qe3 Rad8 17. g4 d5 18. exd5 Bxd5 19. Nxd5 Bxb2+ 20. Kxb2 cxd5
21. Qf3 Rfe8 22. h4 b5 23. Ra1 Qb6 24. g5 Ne4 25. Rhe1 Qd4+ 26. Kb1 Nc3+ 27.
Kb2 Nxa4+ 28. Kb1 Qb2# 0-1

[Event "C.to Provinciale CS"]
[Site "Amantea ITA"]
[Date "2007.01.06"]
[Round "3"]
[White "Olivo, Paolo"]
[Black "Abatino, Maurizio"]
[Result "0-1"]
[WhiteElo "1658"]
[BlackElo "2192"]
[PlyCount "84"]
[EventDate "2007.01.05"]

1. e4 e6 2. d4 d5 3. Nd2 c5 4. exd5 exd5 5. dxc5 Bxc5 6. Nb3 Bd6 7. Nf3 Nc6 8.
c3 Nge7 9. Bd3 h6 10. O-O O-O 11. Nbd4 a6 12. Re1 Bg4 13. h3 Bh5 14. Qc2 Rc8
15. Qb3 Na5 16. Qc2 Nc4 17. a4 Re8 18. b3 Nb6 19. Nf5 Nxf5 20. Bxf5 Rxe1+ 21.
Nxe1 Qe7 22. Be3 Nd7 23. g4 Bg6 24. Bxg6 fxg6 25. Qxg6 Rxc3 26. Nf3 Ne5 27. Qf5
Nxf3+ 28. Qxf3 Qf7 29. Qxf7+ Kxf7 30. Rb1 Be5 31. Rd1 Ke6 32. b4 Rb3 33. Kg2
Rxb4 34. a5 d4 35. Bd2 Rb2 36. Kf3 Kd5 37. Ke2 Bc7 38. Kf1 Rb5 39. f4 Bxa5 40.
Bxa5 Rxa5 41. h4 Ra3 42. Re1 Rf3+ 0-1

[Event "C.to Provinciale CS"]
[Site "Amantea ITA"]
[Date "2007.01.06"]
[Round "3"]
[White "Paese, Salvatore"]
[Black "Piccoli, Vincenzo"]
[Result "0-1"]
[WhiteElo "1438"]
[BlackElo "1727"]
[PlyCount "44"]
[EventDate "2007.01.05"]

1. e4 c5 2. Nc3 a6 3. Bc4 b5 4. Bd5 Nc6 5. Qf3 Nf6 6. e5 Nxe5 7. Qe3 Nxd5 8.
Nxd5 d6 9. Nf3 Nxf3+ 10. Qxf3 Bb7 11. O-O Qd7 12. Re1 e6 13. Nf6+ gxf6 14. Qxf6
Rg8 15. g3 Qc6 16. Kf1 Rg6 17. Qh4 Qh1+ 18. Ke2 Bf3+ 19. Ke3 Qxe1+ 20. Kxf3 Be7
21. Qxh7 O-O-O 22. Qxf7 Rf6+ 0-1

[Event "C.to Provinciale CS"]
[Site "Amantea ITA"]
[Date "2007.01.06"]
[Round "3"]
[White "Paletta, Giuseppe"]
[Black "Alo', Lucio"]
[Result "1-0"]
[WhiteElo "1670"]
[BlackElo "1553"]
[PlyCount "120"]
[EventDate "2007.01.05"]

1. d4 e6 2. Nf3 Nf6 3. c4 d6 4. Nc3 a6 5. Bg5 Be7 6. e3 O-O 7. Bd3 h6 8. Bxf6
Bxf6 9. O-O e5 10. dxe5 Bxe5 11. Qc2 Nc6 12. a3 Bg4 13. Nxe5 Nxe5 14. f3 Be6
15. Nd5 c6 16. Nf4 Nxd3 17. Qxd3 Qe7 18. Rad1 Rad8 19. Qc3 Rd7 20. Nh5 f6 21.
Nf4 Qf7 22. b3 b5 23. Nxe6 Qxe6 24. cxb5 cxb5 25. Rd3 Rfd8 26. Qc6 Ra7 27. Rfd1
Rdd7 28. e4 Kh7 29. Rxd6 Rxd6 30. Rxd6 Qxb3 31. Qc5 Qb1+ 32. Kf2 Qb2+ 33. Ke3
Qb3+ 34. Kf4 Ra8 35. Qc6 Qg8 36. Qb7 Kh8 37. Rxa6 Rxa6 38. Qxa6 Qb8+ 39. Kf5
Qe5+ 40. Kg6 Qe8+ 41. Kf5 Qe5+ 42. Kg4 Qxh2 43. Qc8+ Kh7 44. Qf5+ Kg8 45. g3
Qc2 46. Qxb5 Qc8+ 47. Qf5 Qa8 48. Qd5+ Qxd5 49. exd5 Kf7 50. Kf4 Ke7 51. Ke4
Kd7 52. Kd4 g5 53. a4 h5 54. a5 Kd6 55. a6 Kc7 56. Kc5 h4 57. d6+ Kb8 58. gxh4
gxh4 59. Kc6 h3 60. d7 h2 1-0

[Event "C.to Provinciale CS"]
[Site "Amantea ITA"]
[Date "2007.01.06"]
[Round "3"]
[White "Pizzuto, Maurizio"]
[Black "De Marco, Francesco"]
[Result "1-0"]
[WhiteElo "1724"]
[BlackElo "1890"]
[PlyCount "91"]
[EventDate "2007.01.05"]

1. d4 d5 2. c4 e6 3. Nf3 Be7 4. Nc3 a6 5. e3 Nf6 6. Be2 O-O 7. O-O b6 8. cxd5
exd5 9. a3 Bb7 10. b4 Nbd7 11. Bb2 b5 12. Rc1 Nb6 13. Qc2 Nc4 14. Nd2 Nxb2 15.
Qxb2 Bd6 16. h3 Re8 17. Nb3 c6 18. Na5 Rb8 19. Nb1 Qd7 20. Nd2 Ba8 21. Bf3 Rbc8
22. Ndb3 Ne4 23. Bxe4 dxe4 24. Nc5 Qa7 25. Rc3 f5 26. Rfc1 f4 27. Qb3+ Kh8 28.
Ne6 f3 29. Ng5 Rf8 30. Nxc6 Bxc6 31. Rxc6 Rxc6 32. Rxc6 Qd7 33. Rxd6 Qxd6 34.
Nf7+ Rxf7 35. Qxf7 Qd8 36. gxf3 exf3 37. Qxf3 Qc8 38. d5 h6 39. e4 Qc1+ 40. Kh2
Qc7+ 41. Qg3 Qc4 42. d6 Qc6 43. e5 Kg8 44. Qf4 Kh8 45. Qd4 Qc8 46. d7 1-0

[Event "C.to Provinciale CS"]
[Site "Amantea ITA"]
[Date "2007.01.06"]
[Round "3"]
[White "Rametta, Marcello"]
[Black "Gad, Alessandro"]
[Result "1/2-1/2"]
[WhiteElo "1792"]
[BlackElo "1410"]
[PlyCount "56"]
[EventDate "2007.01.05"]

1. e4 g6 2. Bc4 d6 3. c3 Bg7 4. d4 c6 5. Bg5 Nf6 6. Nd2 b5 7. Bb3 Qb6 8. Ngf3
Nbd7 9. Qe2 Bb7 10. e5 dxe5 11. Nxe5 O-O 12. Nxd7 Nxd7 13. h4 e5 14. dxe5 Nxe5
15. Be3 Qd8 16. O-O-O Qd3 17. Qxd3 Nxd3+ 18. Kb1 c5 19. Rh2 b4 20. Nc4 bxc3 21.
Rxd3 Be4 22. Bc2 Bxd3 23. Bxd3 cxb2 24. Bxc5 Rfd8 25. Nxb2 Bxb2 26. Be4 Rab8
27. Bxa7 Bd4+ 28. Bxb8 Rxb8+ 1/2-1/2

[Event "C.to Provinciale CS"]
[Site "Amantea ITA"]
[Date "2007.01.06"]
[Round "3"]
[White "Scerbo, Antonio"]
[Black "Levato, Biagio"]
[Result "1-0"]
[WhiteElo "2117"]
[BlackElo "1519"]
[PlyCount "75"]
[EventDate "2007.01.05"]

1. d4 Nf6 2. c4 e6 3. Nf3 Nc6 4. Nc3 Bb4 5. Bg5 h6 6. Bh4 d5 7. e3 dxc4 8. Bxc4
Na5 9. Qa4+ Nc6 10. Ne5 Bxc3+ 11. bxc3 Bd7 12. Nxd7 Qxd7 13. Bxf6 gxf6 14. Rb1
Rb8 15. Bb5 O-O 16. O-O Qd5 17. Bxc6 Qxc6 18. Qxc6 bxc6 19. Rb3 Rb6 20. Rfb1
Rfb8 21. Kf1 a5 22. Ke2 a4 23. Rb4 e5 24. Kd3 exd4 25. exd4 Kf8 26. Kc4 Ke7 27.
Kc5 Kd7 28. Rxb6 cxb6+ 29. Rxb6 Re8 30. Rb7+ Ke6 31. Kxc6 Rc8+ 32. Rc7 Rxc7+
33. Kxc7 Kd5 34. Kb6 f5 35. Kb5 f6 36. c4+ Kxd4 37. c5 a3 38. c6 1-0

[Event "C.to Provinciale CS"]
[Site "Amantea ITA"]
[Date "2007.01.06"]
[Round "3"]
[White "Vacchiano, Salvatore"]
[Black "Scalise, Sandro"]
[Result "0-1"]
[WhiteElo "1482"]
[BlackElo "1622"]
[PlyCount "80"]
[EventDate "2007.01.05"]

1. d4 Nf6 2. c4 c5 3. d5 b5 4. cxb5 a6 5. Nc3 axb5 6. Nxb5 Qa5+ 7. Nc3 Ba6 8.
Bd2 Qc7 9. g3 g6 10. Bg2 d6 11. e4 Bg7 12. Nge2 O-O 13. O-O Nbd7 14. Rc1 Rfb8
15. b3 Ne5 16. f4 Nd3 17. Rc2 c4 18. e5 Qc5+ 19. Kh1 Nf2+ 20. Rxf2 Qxf2 21.
exf6 cxb3 22. axb3 Bxf6 23. Be1 Qe3 24. Bd2 Qb6 25. Ne4 Bg7 26. b4 Bd3 27. Rc6
Qb7 28. Nf2 Bb5 29. Rc1 Ra2 30. Nc3 Bxc3 31. Rxc3 Ba4 32. Qc1 Qb6 33. Rc8+ Rxc8
34. Qxc8+ Kg7 35. Qc3+ f6 36. Be3 Qb5 37. Qe1 Re2 38. Qc1 Qxb4 39. Nd3 Qb3 40.
Qc7 Rxe3 0-1

[Event "C.to Provinciale CS"]
[Site "Amantea ITA"]
[Date "2007.01.07"]
[Round "4"]
[White "Abatino, Maurizio"]
[Black "Gad, Ahmad"]
[Result "1-0"]
[WhiteElo "2192"]
[BlackElo "1745"]
[PlyCount "81"]
[EventDate "2007.01.05"]

1. d4 f5 2. c4 Nf6 3. g3 g6 4. Bg2 Bg7 5. Nf3 d6 6. O-O O-O 7. Nc3 c6 8. d5 Qe8
9. Re1 Bd7 10. e4 fxe4 11. Ng5 Na6 12. Ngxe4 Nxe4 13. Nxe4 Qf7 14. Be3 h6 15.
Qd2 Kh7 16. Rac1 c5 17. a3 Nc7 18. b3 b6 19. Qe2 Rab8 20. Bd2 Rbe8 21. Bc3 Bxc3
22. Rxc3 Qg7 23. Re3 Rf7 24. h4 Rb8 25. Nd2 Re8 26. h5 gxh5 27. Qxh5 Ref8 28.
f4 Bf5 29. Qh4 Kg8 30. Nf3 Re8 31. Nh2 Rf6 32. Bf3 e6 33. Bh5 Bg6 34. Ng4 Rff8
35. dxe6 Kh7 36. Bxg6+ Qxg6 37. R1e2 Rf5 38. e7 a6 39. a4 a5 40. Nh2 Rh5 41.
Qg4 1-0

[Event "C.to Provinciale CS"]
[Site "Amantea ITA"]
[Date "2007.01.07"]
[Round "4"]
[White "Alo', Lucio"]
[Black "Caputo, Francesco"]
[Result "0-1"]
[WhiteElo "1553"]
[BlackElo "1602"]
[PlyCount "94"]
[EventDate "2007.01.05"]

1. Nf3 d5 2. d4 Nf6 3. h3 b6 4. Bf4 Nbd7 5. e3 e6 6. Bb5 Bb7 7. Ne5 Be7 8. Bg5
O-O 9. Bxf6 Nxf6 10. Nc3 Rc8 11. Bc6 Bxc6 12. Nxc6 Qd7 13. Nxa7 Ra8 14. Nab5
Bb4 15. a4 c6 16. Na3 Ne4 17. Qd3 Rxa4 18. O-O Nxc3 19. b3 Rxa3 20. Rxa3 Bxa3
21. Qxc3 Ra8 22. b4 Bxb4 23. Qxb4 Qc7 24. Rb1 b5 25. Qc5 h6 26. g3 Qd7 27. c3
Ra4 28. Rb4 Ra2 29. Kg2 Qd8 30. Rb1 Qf6 31. Rf1 Ra6 32. Qd6 Kh7 33. Qb4 Ra4 34.
Qb1+ g6 35. Qe1 Rc4 36. Qd2 e5 37. f4 e4 38. Ra1 c5 39. Ra5 cxd4 40. exd4 Qc6
41. h4 Rxc3 42. Ra2 b4 43. Kh1 Qc4 44. Rb2 Rxg3 45. Qf2 Rh3+ 46. Kg2 Rf3 47.
Qd2 Qf1+ 0-1

[Event "C.to Provinciale CS"]
[Site "Amantea ITA"]
[Date "2007.01.07"]
[Round "4"]
[White "Bellisario, Carlo"]
[Black "Magli, Francesco"]
[Result "0-1"]
[WhiteElo "1658"]
[BlackElo "1440"]
[PlyCount "76"]
[EventDate "2007.01.05"]

1. c4 e5 2. Nc3 Nf6 3. g3 c6 4. Bg2 Be7 5. e3 d6 6. Nge2 Be6 7. b3 Nbd7 8. O-O
O-O 9. Bb2 Kh8 10. d4 Bg4 11. f3 Bh5 12. Kh1 Ng8 13. d5 f5 14. Qc2 Bg6 15. e4
Nh6 16. Bc1 Bg5 17. Bxg5 Qxg5 18. f4 Qe7 19. Qd2 Nc5 20. exf5 Bxf5 21. dxc6
bxc6 22. Bxc6 Rac8 23. Bg2 Ng4 24. h3 Nf6 25. fxe5 Qxe5 26. Nd4 Be4 27. Nxe4
Nfxe4 28. Bxe4 Nxe4 29. Rxf8+ Rxf8 30. Re1 Nxd2 31. Rxe5 dxe5 32. Ne6 Rf1+ 33.
Kg2 Ra1 34. c5 Rxa2 35. c6 Rc2 36. c7 Nxb3+ 37. Kf3 Nd4+ 38. Nxd4 exd4 0-1

[Event "C.to Provinciale CS"]
[Site "Amantea ITA"]
[Date "2007.01.07"]
[Round "4"]
[White "Felisio, Antonio"]
[Black "Levato, Biagio"]
[Result "1-0"]
[WhiteElo "1455"]
[BlackElo "1519"]
[PlyCount "99"]
[EventDate "2007.01.05"]

1. d4 Nf6 2. c4 e6 3. Nf3 b6 4. Bg5 d6 5. e4 Be7 6. Be2 Nxe4 7. Bxe7 Qxe7 8.
O-O O-O 9. Re1 Bb7 10. Nc3 Nxc3 11. bxc3 Nd7 12. Qc2 Nf6 13. Rad1 c6 14. Nd2
Rac8 15. Bf3 Qc7 16. c5 bxc5 17. dxc5 d5 18. Nb3 Rfe8 19. Nd4 Nd7 20. Nb3 e5
21. Bg4 Rcd8 22. Rd3 Nf6 23. Rh3 g6 24. Bf5 e4 25. Nd4 Re5 26. f4 Rxf5 27. Nxf5
gxf5 28. Qf2 Qe7 29. Qh4 Kh8 30. Ree3 Rg8 31. Kh1 Rg4 32. Qh6 Rxf4 33. Qxf4 Qe6
34. Reg3 Ng4 35. Rxg4 fxg4 36. Rg3 Bc8 37. Qd6 f5 38. h3 Qxd6 39. cxd6 f4 40.
Rxg4 e3 41. Kg1 c5 42. Rxf4 Kg7 43. h4 h5 44. g3 Bd7 45. a3 a6 46. Kf1 a5 47.
Ke2 d4 48. cxd4 c4 49. Kxe3 Bb5 50. Kd2 1-0

[Event "C.to Provinciale CS"]
[Site "Amantea ITA"]
[Date "2007.01.07"]
[Round "4"]
[White "Gad, Alessandro"]
[Black "Fittante, Enrico"]
[Result "0-1"]
[WhiteElo "1410"]
[BlackElo "1530"]
[PlyCount "38"]
[EventDate "2007.01.05"]

1. e4 b6 2. d4 e6 3. c4 d6 4. Nc3 Bb7 5. Nf3 g6 6. Be2 Bg7 7. Bg5 Ne7 8. Qd2 h6
9. Be3 Nbc6 10. O-O Qd7 11. Rfd1 O-O-O 12. Qc2 f6 13. c5 d5 14. a4 Na5 15. Nb5
Kb8 16. e5 fxe5 17. dxe5 Qc6 18. Nfd4 Qd7 19. b4 Nac6 0-1

[Event "C.to Provinciale CS"]
[Site "Amantea ITA"]
[Date "2007.01.07"]
[Round "4"]
[White "Grandinetti, Pietro"]
[Black "Cannataro, Luciano"]
[Result "0-1"]
[WhiteElo "1600"]
[BlackElo "1876"]
[PlyCount "68"]
[EventDate "2007.01.05"]

1. e4 c5 2. Nf3 d6 3. d4 cxd4 4. Nxd4 Nc6 5. Be3 a6 6. Bc4 Nf6 7. Nc3 e6 8. Bb3
Be7 9. O-O Bd7 10. a4 O-O 11. Kh1 Rc8 12. f4 Na5 13. Qd3 Nxb3 14. Nxb3 Ng4 15.
Bg1 Bc6 16. Nd4 Bd7 17. a5 Rc5 18. Nb3 Rh5 19. Qf3 f5 20. exf5 exf5 21. Nd5 Bc6
22. Nd4 Bd7 23. Rae1 Bf6 24. h3 Bxd4 25. Bxd4 Bc6 26. Re7 Rf7 27. Rfe1 Qxa5 28.
Rxf7 Qxe1+ 29. Bg1 Kxf7 30. c4 Nf6 31. Qd3 Bxd5 32. cxd5 Qe4 33. Qb3 Qxd5 34.
Qxd5+ Nxd5 0-1

[Event "C.to Provinciale CS"]
[Site "Amantea ITA"]
[Date "2007.01.07"]
[Round "4"]
[White "Marincolo, Piercarlo"]
[Black "Olivo, Paolo"]
[Result "1-0"]
[WhiteElo "1709"]
[BlackElo "1658"]
[PlyCount "79"]
[EventDate "2007.01.05"]

1. e4 c6 2. d4 d5 3. Nd2 dxe4 4. Nxe4 Bf5 5. Ng3 Bg6 6. h4 h6 7. Nf3 Nd7 8. Bd3
Bxd3 9. Qxd3 Qc7 10. Bd2 e6 11. O-O-O Ngf6 12. Ne4 Nxe4 13. Qxe4 Nf6 14. Qe2
Bd6 15. Rhe1 O-O-O 16. Kb1 Rhe8 17. c4 Nd7 18. Bc3 f6 19. Rc1 e5 20. d5 c5 21.
Qc2 Nb6 22. Ba5 Qd7 23. g3 Kb8 24. Re3 f5 25. Nd2 g5 26. hxg5 hxg5 27. Nf3 f4
28. gxf4 gxf4 29. Re4 Qg4 30. Qe2 Rd7 31. Rg1 Qh5 32. b3 Nc8 33. Bc3 Ree7 34.
Kb2 Nb6 35. Rg5 Qh6 36. Bxe5 Bxe5+ 37. Rgxe5 Qf6 38. Ka3 Rxe5 39. Rxe5 Nxc4+
40. Qxc4 1-0

[Event "C.to Provinciale CS"]
[Site "Amantea ITA"]
[Date "2007.01.07"]
[Round "4"]
[White "Nicoletta, Adamo"]
[Black "Vacchiano, Salvatore"]
[Result "0-1"]
[WhiteElo "1440"]
[BlackElo "1482"]
[PlyCount "52"]
[EventDate "2007.01.05"]

1. e4 d6 2. Nc3 g6 3. Nf3 Bg7 4. d4 Nf6 5. Bc4 c6 6. h3 b5 7. Be2 b4 8. Na4
Nxe4 9. Bd3 d5 10. Nc5 Nxc5 11. dxc5 Qa5 12. O-O Qxc5 13. Be3 Qd6 14. Nd4 O-O
15. b3 e5 16. Nxc6 Nxc6 17. Rb1 Bb7 18. Qd2 Nd4 19. Rbc1 Bc8 20. c3 bxc3 21.
Rxc3 Bxh3 22. Re1 Be6 23. Rec1 e4 24. Bxd4 Bxd4 25. Rc6 Qe5 26. Be2 e3 0-1

[Event "C.to Provinciale CS"]
[Site "Amantea ITA"]
[Date "2007.01.07"]
[Round "4"]
[White "Nicoletta, Oscare"]
[Black "Cannataro, Francesco"]
[Result "1-0"]
[WhiteElo "1440"]
[BlackElo "1440"]
[PlyCount "80"]
[EventDate "2007.01.05"]

1. e4 c5 2. d3 d6 3. Be3 Nc6 4. Nc3 Nf6 5. Be2 Nd4 6. Nd5 Nxd5 7. exd5 e5 8.
Nf3 Be7 9. O-O O-O 10. c3 Nf5 11. c4 Nxe3 12. fxe3 Bd7 13. d4 Bf6 14. dxc5 dxc5
15. Nd2 Qe8 16. Ne4 Be7 17. d6 Bc6 18. dxe7 Qxe7 19. Bf3 Rad8 20. Qc2 Rd7 21.
h3 Rfd8 22. Ng3 Qd6 23. Nf5 Qd2 24. Qxd2 Rxd2 25. Bxc6 bxc6 26. Ne7+ Kf8 27.
Nxc6 R8d3 28. Rfe1 Rc2 29. Nxe5 Rdd2 30. Rab1 Rxg2+ 31. Kh1 Rh2+ 32. Kg1 Rcf2
33. Nf3 Rhg2+ 34. Kh1 Rg3 35. Rf1 Rgxf3 36. Rxf2 Rxf2 37. a4 f5 38. a5 g5 39.
a6 f4 40. exf4 gxf4 1-0

[Event "C.to Provinciale CS"]
[Site "Amantea ITA"]
[Date "2007.01.07"]
[Round "4"]
[White "Paragliola, Gennaro"]
[Black "Paese, Salvatore"]
[Result "1-0"]
[WhiteElo "1460"]
[BlackElo "1438"]
[PlyCount "59"]
[EventDate "2007.01.05"]

1. d4 d5 2. c4 e6 3. Nc3 Nf6 4. Bg5 Bb4 5. e3 Nc6 6. Nf3 Bxc3+ 7. bxc3 O-O 8.
Qc2 Qe7 9. Bd3 g6 10. O-O e5 11. dxe5 Nxe5 12. cxd5 Nxf3+ 13. gxf3 Bh3 14. Rfe1
Qe5 15. Bh6 Rfe8 16. c4 Qh5 17. Bf4 Qxf3 18. Bf1 Qg4+ 19. Bg3 Bxf1 20. Rxf1 Qh3
21. Qb2 Ne4 22. Be5 Qg4+ 23. Bg3 b5 24. f3 Nd2 25. fxg4 Nxc4 26. Qc3 Nxe3 27.
Rfe1 Nxd5 28. Rxe8+ Rxe8 29. Qc6 Re6 30. Qxd5 1-0

[Event "C.to Provinciale CS"]
[Site "Amantea ITA"]
[Date "2007.01.07"]
[Round "4"]
[White "Piccoli, Vincenzo"]
[Black "Paletta, Giuseppe"]
[Result "1-0"]
[WhiteElo "1727"]
[BlackElo "1670"]
[PlyCount "85"]
[EventDate "2007.01.05"]

1. e4 d6 2. c4 Nf6 3. Nc3 c6 4. d4 Qa5 5. Bd3 e5 6. d5 Be7 7. Bd2 Na6 8. dxc6
bxc6 9. Nd5 Qd8 10. Nxe7 Qxe7 11. Qa4 O-O 12. b4 Nb8 13. Ne2 d5 14. exd5 cxd5
15. c5 Bb7 16. b5 Rd8 17. c6 Bc8 18. O-O e4 19. Bc2 Re8 20. b6 Nxc6 21. Qxc6
Bb7 22. Qc7 axb6 23. Qxe7 Rxe7 24. Nd4 Rc7 25. Bb3 Nd7 26. Nb5 Rc5 27. Nd6 Ba6
28. Rfc1 Nf6 29. Be3 Rxc1+ 30. Rxc1 Kf8 31. Bxb6 Ke7 32. Nf5+ Ke6 33. Nxg7+ Ke5
34. Bc7+ Kd4 35. Nf5+ Kd3 36. Rd1+ Kc3 37. Be5+ Kb4 38. Bxf6 Bc4 39. Be7+ Kc3
40. Rc1+ Kd3 41. Bc2+ Kd2 42. Bg5+ Kc3 43. Bxe4+ 1-0

[Event "C.to Provinciale CS"]
[Site "Amantea ITA"]
[Date "2007.01.07"]
[Round "4"]
[White "Scalise, Sandro"]
[Black "Scerbo, Antonio"]
[Result "0-1"]
[WhiteElo "1622"]
[BlackElo "2117"]
[PlyCount "94"]
[EventDate "2007.01.05"]

1. d4 Nf6 2. Nf3 g6 3. Bf4 d6 4. e3 Bg7 5. c3 O-O 6. h3 c5 7. Nbd2 Nc6 8. Bb5
Qb6 9. a4 cxd4 10. Bxc6 dxe3 11. Bxe3 Qxc6 12. O-O Nd5 13. Nd4 Bxd4 14. Bxd4 e5
15. Be3 Nxe3 16. fxe3 Be6 17. b3 Qxc3 18. Rf3 Rac8 19. e4 Qd4+ 20. Kh2 Rc7 21.
Nc4 Qxd1 22. Rxd1 Bxc4 23. bxc4 Rxc4 24. Rxd6 Rxe4 25. Rd7 f5 26. Rxb7 Rf7 27.
Rb8+ Kg7 28. a5 Ra4 29. Rb5 e4 30. Rc3 Re7 31. Kg3 e3 32. Rc1 e2 33. Re1 Kf6
34. Rb2 Rxa5 35. Rbxe2 Rxe2 36. Rxe2 g5 37. Kf3 Ra3+ 38. Kf2 h5 39. Re8 h4 40.
Rf8+ Ke5 41. Rc8 Ra4 42. Rc3 Kf4 43. Rf3+ Ke5 44. Re3+ Kf6 45. g3 Ra2+ 46. Kf3
hxg3 47. Kxg3 f4+ 0-1

[Event "C.to Provinciale CS"]
[Site "Amantea ITA"]
[Date "2007.01.07"]
[Round "5"]
[White "Bellisario, Carlo"]
[Black "Alo', Lucio"]
[Result "0-1"]
[WhiteElo "1658"]
[BlackElo "1553"]
[PlyCount "127"]
[EventDate "2007.01.05"]

1. c4 e5 2. Nc3 Be7 3. g3 Nc6 4. Bg2 Nf6 5. e3 d6 6. Nge2 O-O 7. O-O Re8 8. a3
Be6 9. Nd5 Qd7 10. b4 Nd8 11. Nec3 c6 12. Nxe7+ Rxe7 13. d3 Bh3 14. Ne4 Nxe4
15. dxe4 Bxg2 16. Kxg2 Ne6 17. f4 h6 18. Bb2 Qc7 19. f5 Ng5 20. Qg4 f6 21. h4
Nh7 22. Qh5 Qb6 23. Kf3 a5 24. Bc3 axb4 25. axb4 Ra6 26. Rfb1 Qc7 27. Rxa6 bxa6
28. Ra1 Qb7 29. Rd1 Qd7 30. Kf2 Qc7 31. Qe2 Rd7 32. Qa2 Qb7 33. c5+ Kh8 34.
Rxd6 Nf8 35. Rxd7 Nxd7 36. Qe6 Nf8 37. Qd6 Kg8 38. g4 Qb5 39. h5 Qa4 40. Qd2
Qb5 41. Qa2+ Kh8 42. Qf7 Qb8 43. Qc4 Qb7 44. Kf3 Qd7 45. Qxa6 Qd1+ 46. Qe2 Qh1+
47. Qg2 Qd1+ 48. Kg3 Qd3 49. Qd2 Qxe4 50. Qf2 Qc4 51. Qd2 Qf1 52. e4 Qb1 53.
Kf3 Qh1+ 54. Qg2 Qd1+ 55. Ke3 Qc1+ 56. Bd2 Qa3+ 57. Ke2 Qb2 58. Qf3 Qb1 59. Qd3
Qg1 60. Qf3 Qd4 61. Qe3 Qc4+ 62. Qd3 Qf7 63. b5 cxb5 64. Qxb5 0-1

[Event "C.to Provinciale CS"]
[Site "Amantea ITA"]
[Date "2007.01.07"]
[Round "5"]
[White "Caputo, Francesco"]
[Black "Fittante, Enrico"]
[Result "1-0"]
[WhiteElo "1602"]
[BlackElo "1530"]
[PlyCount "61"]
[EventDate "2007.01.05"]

1. e4 e5 2. Nf3 d6 3. d4 exd4 4. Nxd4 Nf6 5. Nc3 Be7 6. Bc4 Nbd7 7. Bg5 h6 8.
Be3 O-O 9. h3 Nc5 10. f3 Be6 11. Nxe6 Nxe6 12. Qd2 a6 13. O-O-O c6 14. g4 b5
15. Bxe6 fxe6 16. g5 hxg5 17. Bxg5 Nh7 18. Bxe7 Qxe7 19. Qxd6 Qg5+ 20. Kb1 Rxf3
21. Qxe6+ Kh8 22. Qxc6 Raf8 23. a3 R3f6 24. Qb7 R8f7 25. Qc8+ Rf8 26. Qg4 Qc5
27. Rhg1 R6f7 28. Qg6 Nf6 29. Rg5 Qc4 30. e5 Nh7 31. Rh5 1-0

[Event "C.to Provinciale CS"]
[Site "Amantea ITA"]
[Date "2007.01.07"]
[Round "5"]
[White "Gad, Ahmad"]
[Black "Pizzuto, Maurizio"]
[Result "1-0"]
[WhiteElo "1745"]
[BlackElo "1724"]
[PlyCount "53"]
[EventDate "2007.01.05"]

1. e4 c6 2. d3 d5 3. Nd2 dxe4 4. dxe4 g6 5. f4 Bg7 6. Ngf3 Bg4 7. Bc4 e6 8. e5
Ne7 9. Qe2 Nf5 10. c3 O-O 11. Ne4 Qb6 12. Qf2 Qxf2+ 13. Kxf2 Bxf3 14. Kxf3 Rd8
15. g4 Ne7 16. Be3 Nd5 17. Bf2 Bh6 18. Bxd5 cxd5 19. Nf6+ Kh8 20. g5 Bf8 21. h4
h5 22. gxh6 Bxh6 23. h5 g5 24. Ng4 Kh7 25. Nxh6 Kxh6 26. fxg5+ Kxg5 27. Bh4+
1-0

[Event "C.to Provinciale CS"]
[Site "Amantea ITA"]
[Date "2007.01.07"]
[Round "5"]
[White "Levato, Biagio"]
[Black "Nicoletta, Adamo"]
[Result "1-0"]
[WhiteElo "1519"]
[BlackElo "1440"]
[PlyCount "35"]
[EventDate "2007.01.05"]

1. Nf3 d6 2. d3 e5 3. e4 Nc6 4. g3 Nf6 5. Bg2 b6 6. c3 Bb7 7. O-O Qe7 8. Nbd2
O-O-O 9. Re1 d5 10. exd5 Nxd5 11. Nc4 f6 12. d4 Ba6 13. Bf1 Qf7 14. Qa4 Kb7 15.
Ncxe5 Nxe5 16. Bxa6+ Kb8 17. dxe5 Qh5 18. Qc6 1-0

[Event "C.to Provinciale CS"]
[Site "Amantea ITA"]
[Date "2007.01.07"]
[Round "5"]
[White "Magli, Francesco"]
[Black "Rametta, Marcello"]
[Result "0-1"]
[WhiteElo "1440"]
[BlackElo "1792"]
[PlyCount "58"]
[EventDate "2007.01.05"]

1. e4 c5 2. Nf3 Nc6 3. d4 cxd4 4. Nxd4 e6 5. Nxc6 bxc6 6. Nc3 Bb4 7. Bd2 Ne7 8.
a3 Ba5 9. Bd3 Bb7 10. O-O d5 11. f3 Bb6+ 12. Kh1 O-O 13. e5 c5 14. b3 Rc8 15.
Bg5 Qc7 16. f4 c4 17. Qg4 cxd3 18. Bh6 Nf5 19. Bxg7 Nxg7 20. Nb5 Qd7 21. Nd6
Rxc2 22. f5 f6 23. fxe6 Qxe6 24. Nf5 Rf7 25. Nh6+ Kf8 26. Qxe6 Nxe6 27. Nxf7
Kxf7 28. Rxf6+ Ke7 29. Raf1 Nd8 0-1

[Event "C.to Provinciale CS"]
[Site "Amantea ITA"]
[Date "2007.01.07"]
[Round "5"]
[White "Marincolo, Piercarlo"]
[Black "Piccoli, Vincenzo"]
[Result "0-1"]
[WhiteElo "1709"]
[BlackElo "1727"]
[PlyCount "126"]
[EventDate "2007.01.05"]

1. e4 c5 2. Nf3 d6 3. d4 cxd4 4. Nxd4 Nf6 5. Nc3 a6 6. Be3 e6 7. f3 b5 8. g4
Bb7 9. h4 Nfd7 10. g5 Nb6 11. a3 N8d7 12. Qd2 Rc8 13. h5 Qc7 14. O-O-O Ne5 15.
Qf2 Nec4 16. Bxc4 Nxc4 17. g6 Nxa3 18. gxf7+ Qxf7 19. Rd3 Nc4 20. Qg3 Nxe3 21.
Rxe3 Be7 22. e5 d5 23. Qg4 Rc4 24. Rd3 Bc8 25. b3 Rc7 26. Rg1 O-O 27. Kb1 Bc5
28. h6 Bxd4 29. Qxd4 Qf4 30. Rxg7+ Rxg7 31. hxg7 Kxg7 32. Qa7+ Kg6 33. Qb8 b4
34. Na4 a5 35. Qc7 Ba6 36. Rd1 h5 37. Nc5 Bc8 38. Nd3 Qe3 39. Qe7 Rf7 40. Qe8
Bd7 41. Qg8+ Rg7 42. Qf8 Rf7 43. Qh8 Rg7 44. f4 a4 45. Re1 Qd4 46. Re2 Qg1+ 47.
Ka2 axb3+ 48. cxb3 Bb5 49. Nc5 Ra7+ 50. Na4 Bxe2 51. Qg8+ Rg7 52. f5+ Kxf5 53.
Qf8+ Kxe5 54. Qb8+ Ke4 55. Qxb4+ Qd4 56. Nc5+ Ke3 57. Qxd4+ Kxd4 58. Nxe6+ Ke5
59. Nxg7 h4 60. b4 Kf6 61. Ne8+ Kg5 62. Nd6 h3 63. Ne4+ dxe4 0-1